000 01105nam a2200253 a 4500
001 000035586
005 20200930074443.0
008 111103s2011 dr a 001 0 spa d
020 _a9789993495956
040 _aDO-SdBNP
_bspa
_cBNPHU
082 _a583.26
_bM341a
100 1 _aMarión Heredia, Luis,
_d1931-
_961484
245 1 4 _aLas aristolochias de la isla de La Española /
_cLuis Marión Heredia.
260 _aSanto Domingo :
_bAcademia de Ciencias de la República Dominicana :
_bJardín Botánico Nacional,
_c2011.
300 _a108 p. :
_bil. ;
_c23 cm.
500 _aIncluye glosario: p. 101-104.
504 _aBibliografía: p.105-106.
590 _aInventariado,2018 /DG
650 4 _aAristoloquiales
_zIsla Española (Haití Y República Dominicana{Rpara}
_961485
650 4 _aDicotiledóneas
_zIsla Española (Haití Y República Dominicana{Rpara}
_961486
650 4 _aHistoria natural
_zIsla Española (Haití Y República Dominicana{Rpara}
_961487
650 4 _aFloricultura
_zIsla Española (Haití Y República Dominicana{Rpara}
_961488
910 _aValidado. Control de calidad EMS.
999 _c35077
_d35077